000 00790nac a22002657a 4500
001 BR6001817
003 BR-BrBNA
005 20240105113018.0
008 230509b bl.|||m| |||| 00| 0 por d
040 _aBR-BrBNA
_bpor
_cBiblioteca Nacional de Agricultura
072 _aL00; L40
090 _a6100 BR6001817
100 1 _aCosta Filho, J.
245 1 _aO fator sucesso em avicultura [Galinha; Criacao; Raca; Anatomia]
250 1 _a2. ed.
260 3 _aSao Paulo, SP (Brasil):
_bSitios e Fazendas,
_c[nd].
300 _a141 p.
490 _aBiblioteca Agropecuaria Brasileira (Brazil)
_v
_x
500 _aPublished after 1947
650 _aGALINHA
650 _aRACA
650 _aANATOMIA ANIMAL
909 _a202312
_bLúcia Elande
_c55
_dLúcia Elande
942 _2AGRIS
_n0
_cMS
999 _c261409
_d261409